| 000 | 00962nam a22002657a 4500 | ||
|---|---|---|---|
| 005 | 20240530110522.0 | ||
| 008 | 160220s2013 ua a g b 000 0 ara d | ||
| 017 |
_a2012/15137 _bمصر . دار الكتب المصرية |
||
| 020 | _a9772328833 | ||
| 040 | _aEG-CaGPL | ||
| 082 | 0 | 4 |
_221 _a375\ _bم م |
| 100 | 0 | _aمحمد نجيب مصطفى عطيو . | |
| 245 | 1 | 2 |
_aالمناهج الدراسية : _bالنظرية و التطبيق / _cتاليف محمد نجيب مصطفى عطيو . |
| 250 | _aط1. | ||
| 260 |
_aالقاهرة : _bعالم الكتب ، _c2013 . |
||
| 300 |
_a438 ص ؛ _c24 سم . |
||
| 504 | _aببليوجرافية : ص 431 - 438 | ||
| 650 | 0 | 4 |
_aالتعليم _xمناهج . |
| 650 | 0 | 4 |
_aالمناهج _xتخطيط . |
| 650 | 0 | 4 |
_aالمناهج _xتطوير . |
| 650 | 0 | 4 | _aالمناهج . |
| 650 | 0 | 4 | _aالتخطيط التربوى . |
| 942 |
_2ddc _cBK |
||
| 999 |
_c61911 _d61911 |
||